000 01010nam a2200265Ia 4500
003 OSt
005 20221005103941.0
006 a|||||r|||| 00| 0
007 ta
008 221004b |||||||| |||| 00| 0 hin d
020 _a9789381692066 (hbk)
024 _a4836
037 _bGift, 28/06/2013,
_cTextual
040 _aCRL
_cCRL
_bhin
041 _2hin
_ahin
082 _aO152(Y15),3:g(R4), Q2
100 _aशर्मा, राजकुमारी
245 0 _aसमकालीन महिला उपन्यासों में मूल्य - बोल 1980 - 2000
246 _aSamakālīn mahilā upanyāsoan mean mūlya - bol 1980 - 2000
260 _aदिल्ली
_bगौरव बुक्स भारत
_c2012
300 _a264पृ0
_ccm.
650 _aहिन्दी साहित्य
942 _hO152(Y15),3:g(R4), Q2
_cTEXL
_2cc
999 _c1011368
_d1011368